En las garras del dinosaurio / (Record no. 28046)

MARC details
000 -LEADER
fixed length control field 00905cam a2200265Ia 4500
001 - CONTROL NUMBER
control field sjds15967784
003 - CONTROL NUMBER IDENTIFIER
control field sjds
005 - DATE AND TIME OF LATEST TRANSACTION
control field 20230213204753.0
008 - FIXED-LENGTH DATA ELEMENTS--GENERAL INFORMATION
fixed length control field spa
020 ## - INTERNATIONAL STANDARD BOOK NUMBER
International Standard Book Number 8431029854 (pbk.)
020 ## - INTERNATIONAL STANDARD BOOK NUMBER
International Standard Book Number 9780922852468
040 ## - CATALOGING SOURCE
Original cataloging agency KLC
Transcribing agency KLC
Modifying agency TXP
-- m/c
-- CMM
041 ## - LANGUAGE CODE
Language code of text/sound track or separate title spa
090 ## - LOCALLY ASSIGNED LC-TYPE CALL NUMBER (OCLC); LOCAL CALL NUMBER (OCLC)
Classification number (OCLC) (R) ; Classification number, CALL (RLIN) (NR) PZ73.G4564
Local cutter number (OCLC) ; Book number/undivided call number, CALL (RLIN) En 1985
100 1# - MAIN ENTRY--PERSONAL NAME
Personal name Giff, Patricia Reilly.
245 10 - TITLE STATEMENT
Title En las garras del dinosaurio /
Statement of responsibility, etc. por Patricia Reilly Giff ; ilustraciones de Blanche Sims ; traduccion de Consuelo Gonzalez de Ortega.
260 ## - PUBLICATION, DISTRIBUTION, ETC. (IMPRINT)
Place of publication, distribution, etc. Cincinnati, Ohio :
Name of publisher, distributor, etc. Another Language Press,
Date of publication, distribution, etc. c1995.
300 ## - PHYSICAL DESCRIPTION
Extent 79, [1] p. :
Other physical details ill. ;
Dimensions 20 cm.
490 0# - SERIES STATEMENT
Series statement El caballo volador ;
Volume/sequential designation 5.
500 ## - GENERAL NOTE
General note Translation of: In the dinosaur's paw.
700 1# - ADDED ENTRY--PERSONAL NAME
Personal name Giff, Patricia Reilly.
Title of a work In the dinosaur's paw.
Language of a work Spanish.
700 1# - ADDED ENTRY--PERSONAL NAME
Personal name Sims, Blanche.
700 1# - ADDED ENTRY--PERSONAL NAME
Personal name Gonzalez de Ortega, Consuelo
942 ## - ADDED ENTRY ELEMENTS (KOHA)
Koha item type Libro/Book
Holdings
Withdrawn status Lost status Damaged status Not for loan Home library Current library Date acquired Inventory number Total Checkouts Full call number Barcode Date last seen Price effective from Koha item type
        San Juan Del Sur -- Mobile San Juan Del Sur -- Mobile 13/02/2023 Inventory date: 1-2-25   JFI 30029795 13/02/2023 13/02/2023 Libro/Book
        San Juan Del Sur -- Mobile San Juan Del Sur -- Mobile 13/02/2023 Inventory date: 1-2-25   JFI 30029794 13/02/2023 13/02/2023 Libro/Book
        San Juan Del Sur -- Mobile San Juan Del Sur -- Mobile 13/02/2023 Inventory date: 1-2-25   JFI 30029793 13/02/2023 13/02/2023 Libro/Book
        San Juan Del Sur -- Mobile San Juan Del Sur -- Mobile 13/02/2023 Inventory date: 1-2-25   JFI 30029792 13/02/2023 13/02/2023 Libro/Book

Powered by Koha